| 000 | 00000nam##2200000za#4500 |
| 001 | 9.634842 |
| 003 | CaOODSP |
| 005 | 20220328113305 |
| 007 | cr ||||||||||| |
| 008 | 150407|2007||||xxc|||||o f|0| 0 fre|d |
| 020 | |a978-0-662-07732-9 |
| 040 | |aCaOODSP|bfre |
| 043 | |an-cn--- |
| 086 | 1 |aIu4-118/2007F-PDF |
| 110 | 1 |aCanada. |bIndustrie Canada. |
| 245 | 10|aRapport sur l'examen législatif des articles 21.01 à 21.19 de la Loi sur les brevets |h[ressource électronique] |
| 260 | |aOttawa - Ontario : |bIndustrie Canada |c2007. |
| 300 | |a56p.|bréférences |
| 590 | |a12-35-Supp|b2012-08-09 |
| 691 | 07|aBrevet|2gcpds |
| 775 | 08|tReport on the statutory review of sections 21.01 to 21.19 of the Patent Act |w(CaOODSP)9.690481 |
| 856 | 40|ahttp://publications.gc.ca|qPDF|s602 Ko|uhttps://publications.gc.ca/collections/collection_2012/ic/Iu4-118-2007-fra.pdf |